000 01561cab a2200265 4500
001 ##L132804
008 060309n2006 000 0 eng u
035 _a(Sirsi) u132804
041 0 _aeng
100 1 _aBrewer, Kate
245 0 0 _aAssessing the emerging SCIs
260 _c2006
490 0 _aTown & Country Planning
_v75(2) February 2006, 48-54(7)
520 _aLooks at current practice in the preparation of Statements of Community Involvement (SCIs) in northwest England and finds that the government commitment to community involvement in plan formulation is failing to deliver the mechanism needed for effective implementation. Covers the policy framework for community involvement, the criteria for assessment, the 21 draft SCIs assessed in the region, local authority consultation and the findings from the assessment. Concludes that there is still some way to go to ensure that real opportunities for community involvement are created and that the production of coherent and meaningful SCIs is undermined by a lack of resources and a skills deficiency within the planning service. Figures, charts and notes.
590 _aIKA132804
650 2 4 _aPLANNING AND COMPULSORY PURCHASE ACT 2004
650 2 4 _aPLANNING POLICY STATEMENT ONE
650 2 4 _aPLANNING POLICY STATEMENT 12
650 2 4 _aPLANNING POLICY STATEMENT 3
650 2 4 _aSTATEMENTS OF COMMUNITY INVOLVEMENT
651 4 _aEngland
_y886-
690 _aENVIRONMENTAL AND LAND CONSULTANCY-PLANNING AND DEVELOPMENT-PLANNING REFORM
700 1 _aAlexander, David
942 _n0
999 _c76640
_d76640